Profile: Draco Malfoy Quiz Stats

 Plays Quiz Updated Nov 29, 2017

Score 0/31 Timer 07:00
1 Play Today
% Correct
Slytherin
98%
Seeker
95.3%
Lucius Malfoy
91.6%
Pure Blood
89.4%
Dobby
89.3%
Albus Dumbledore
87.9%
Bellatrix Lestrange
87.6%
The Death Eaters
86.6%
Filthy little Mudblood
85.9%
Hermione Granger
85.6%
Harry Potter
84.9%
Slytherin Prefect
84.7%
Narcissa Malfoy
84.2%
Vincent Crabbe and Gregory Goyle
84%
The Elder Wand
83.6%
Tom Felton
83.6%
% Correct
Buckbeak
81.7%
Snake
81.1%
Pansy Parkinson
80.2%
The Cruciatus Curse
79.2%
A Ferret
77.6%
The Imperius Curse
73.8%
A Dementor
71.1%
Andromeda Tonks
67.7%
Scorpius Malfoy
64.7%
The Inquisitorial Squad
58.7%
Weasley is our King
54.2%
Occlumency
52.9%
Full Body-Bind Curse
52%
Ron Weasley and Katie Bell
43%
Abraxas Malfoy
26.6%

You're not logged in!

Compare scores with friends on all Sporcle quizzes.
OR
Log In

You Might Also Like...

Show Comments

Extras

Top Quizzes Today


Score Distribution

Your Account Isn't Verified!

In order to create a playlist on Sporcle, you need to verify the email address you used during registration. Go to your Sporcle Settings to finish the process.

Report this User

Report this user for behavior that violates our Community Guidelines.

Details: